000 02021cam a22005294i 4500
003 PE-LiUPU
005 20250731165503.0
008 150623s r 000 0 d
020 _a1841270105
035 _a(Sirsi) i9781841270104
040 _aPE-LiUPU
_bspa
_cPE-LiUPU
_erda
049 _aPRUA
082 0 4 _a221.07
_bJ
_221
100 1 _aSchearing, Linda S.,
_eautor.
245 1 0 _aThose elusive deuteronomists :
_bthe phenomenon of pan-deuteronomism.
_n268 /
_ceditado por Linda S. Schearing y Steven L. McKenzie.
264 1 _aSheffield, England :
_bSheffield Academic Press,
_c1999.
300 _a288 páginas ;
_c23 centímetros
336 _atext
_2rdacontent
337 _aunmediated
_2rdamedia
338 _avolume
_2rdacarrier
490 0 _aJournal for the Study of the Old Testament. Supplement Series ;
_v268
504 _aIncluye bibliografía.
505 0 _aPan-Deuteronomism: the problem. -Pan-Deuteronomism and Hebrew Scripture studies. -Pan-Deuteronomism: case studies.
526 _aSEG44
526 _aSEG26
526 _aP151
526 _aP150
526 _aP149
526 _aP146
526 _aP145
526 _aP126
526 _aP125
526 _aP92
526 _aP75
526 _aP74
526 _aP27
526 _aP15
630 _aBiblia.
_pA.T.
_pDeuteronomio
_xCrítica, interpretación, etc.
630 _aBiblia.
_pA.T.
_xCrítica, interpretación, etc.
700 1 _aMcKenzie, Steven L.,
_eed.
942 _2ddc
_cBOOK
949 _aRC 221.07 J 268
_wDEWEY
_c1
_i46605
_lCCODEBUL1
_mBUL
_r0
_sY
_tBOOK
_u2015-6-24
_xTEOLOGIA
_PP35
_0COMPRA
_o.CIRCNOTE. No olvidar cambiar la fecha de devolución!!!!!!!
_o.STAFF. Colección General
994 _aC0
_bPEPRU
596 _a1
999 _aRC 221.07 J 268
_wDEWEY
_c23393
_i46605
_f2021-11-8
_g6
_lCCODEBUL1
_mBUL
_r1
_sY
_tBOOK
_u2015-6-24
_xTEOLOGIA
_PP35
_0COMPRA
_o.CIRCNOTE. No olvidar cambiar la fecha de devolución!!!!!!!
_o.STAFF. Colección General
_d23393
980 _81
_gALBERTO SANCHEZ Responsable de Automatización